| 000 | 00832nam a2200265 a 4500 | ||
|---|---|---|---|
| 001 | 900 | ||
| 003 | BD-RjUL | ||
| 005 | 20211208233238.0 | ||
| 008 | 131123s2001 ii g 00| 0|eng d | ||
| 020 | _a812610886X | ||
| 035 |
_aOCLC 22888120 from reto0248 _a(BD-RjUL)922 |
||
| 040 |
_aUKM _cUKM _beng _dBD-RjUL |
||
| 041 | _aeng | ||
| 082 |
_a025.84 _223 _bPRE 2001 |
||
| 245 | 0 | 0 |
_aPreservation of library collections / _ced.by Shyma Balakrishnan,P.K.Paliwal |
| 260 |
_aNew Delhi : _bAnmol Publication Pvt.Ltd, _c2001 |
||
| 300 |
_a 224 p. ; _c22 cm |
||
| 504 | _aIncludes Index | ||
| 650 | 0 |
_aLibrary materials _xConservation and restoration _92674 |
|
| 650 | 0 |
_aLibrary materials _xSelection for preservation _9169638 |
|
| 700 |
_aBalakrishnan, Shyma _94568 |
||
| 700 |
_aPaliwal, P.K _91851 |
||
| 942 |
_2ddc _cBK |
||
| 999 |
_c900 _d900 |
||